[Event "Malakhatko Memorial op"]
[Site "Chess.com INT"]
[Date "2023.06.14"]
[Round "10"]
[White "Marchenko, Artem"]
[Black "Kravets, Ivan"]
[Result "1-0"]
[WhiteElo "2248"]
[BlackElo "2149"]
[PlyCount "87"]
[EventDate "2023.06.14"]
[EventType "swiss (blitz)"]
[EventRounds "11"]
[EventCountry "USA"]
[SourceTitle "CBM 214 Extra"]
[Source "ChessBase"]
[SourceDate "2023.07.31"]
[SourceVersion "1"]
[SourceVersionDate "2023.07.31"]
[SourceQuality "1"]

1. e4 e5 2. f4 exf4 3. Nf3 d6 4. d4 g5 5. h4 g4 6. Ng1 Qe7 7. Nc3 Bh6 8. Nd5 Qxe4+ 9. Qe2 Qxe2+ 10. Nxe2 Kd8 11. Bxf4 Bxf4 12. Nexf4 c6 13. Ne3 Nf6 14. 0-0-0 Ne4 15. Re1 d5 16. Bd3 f5 17. Rhf1 Ng3 18. Rf2 Rf8 19. Nxg4 fxg4 20. Ne6+ Bxe6 21. Rxf8+ Kd7 22. Rh8 h5 23. Rh7+ Kd6 24. Rh6 Ne4 25. Bxe4 dxe4 26. Rxe4 Nd7 27. Rexe6+ Kc7 28. Re7 Rd8 29. Rxh5 Kd6 30. Rg7 Nf6 31. Rh6 Ke6 32. Rgg6 Rf8 33. Kd2 Kf7 34. Rxf6+ Kg7 35. Rxf8 Kxh6 36. Rf5 c5 37. d5 b6 38. d6 c4 39. Rg5 c3+ 40. bxc3 b5 41. d7 b4 42. d8Q bxc3+ 43. Kxc3 a5 44. Qh8# 1-0

[Event "Malakhatko Memorial op"]
[Site "Chess.com INT"]
[Date "2023.06.14"]
[Round "7"]
[White "Marchenko, Artem"]
[Black "Voroshilov, Daniil"]
[Result "0-1"]
[WhiteElo "2248"]
[BlackElo "1970"]
[PlyCount "48"]
[EventDate "2023.06.14"]
[EventType "swiss (blitz)"]
[EventRounds "11"]
[EventCountry "USA"]
[SourceTitle "CBM 214 Extra"]
[Source "ChessBase"]
[SourceDate "2023.07.31"]
[SourceVersion "1"]
[SourceVersionDate "2023.07.31"]
[SourceQuality "1"]

1. e4 d6 2. d4 Nf6 3. Nc3 e5 4. Nge2 Be7 5. h3 0-0 6. Be3 Nbd7 7. g4 b5 8. Ng3 b4 9. Nce2 Bb7 10. d5 c6 11. g5 Ne8 12. Qd2 cxd5 13. exd5 Nb6 14. Bg2 Nc4 15. Qd3 Nxe3 16. fxe3 Bxg5 17. 0-0-0 Rc8 18. h4 Bf6 19. Ne4 a5 20. Rdf1 a4 21. Kb1 b3 22. axb3 axb3 23. Qxb3 Rb8 24. Qa3 Bxd5 0-1

[Event "Kiev Blitz Marathon"]
[Site "Kiev"]
[Date "2023.04.23"]
[Round "20"]
[White "Prohorov, Olexandr"]
[Black "Marchenko, Artem"]
[Result "1-0"]
[WhiteElo "2086"]
[BlackElo "2264"]
[PlyCount "80"]
[EventDate "2023.04.22"]
[EventType "tourn (blitz)"]
[EventRounds "54"]
[EventCountry "UKR"]
[SourceTitle "CBM 213 Extra"]
[Source "ChessBase"]
[SourceDate "2023.05.31"]
[SourceVersion "1"]
[SourceVersionDate "2023.05.31"]
[SourceQuality "1"]

1. e4 c5 2. c3 d5 3. exd5 Qxd5 4. d4 Nf6 5. Nf3 cxd4 6. cxd4 e6 7. Nc3 Qd6 8. Bd3 Be7 9. 0-0 0-0 10. Be3 Nc6 11. a3 a6 12. Rc1 Rd8 13. Bb1 Bd7 14. Ba2 Be8 15. Re1 Rac8 16. h3 b5 17. b4 Nb8 18. Ne5 Nbd7 19. Bf4 Qb6 20. d5 Nxe5 21. Bxe5 exd5 22. Bd4 Qb7 23. Qf3 Bc6 24. Rcd1 h6 25. Bb1 Ne4 26. Qg4 Bf6 27. Rxe4 dxe4 28. Bxf6 Rxd1+ 29. Nxd1 g6 30. Ba2 Qd7 31. Qe2 Qd3 32. Qe1 Bd5 33. Bxd5 Qxd5 34. Ne3 Qd3 35. Kh2 Rc6 36. Qa1 Qd6+ 37. Be5 Qe6 38. Ng4 h5 39. Nf6+ Kf8 40. Nxe4 Ke8 1-0

[Event "UKR-ch Rapid"]
[Site "Omelnyk"]
[Date "2021.10.02"]
[Round "7"]
[White "Marchenko, Artem"]
[Black "Yurovskich, Oleksandr"]
[Result "0-1"]
[WhiteElo "2200"]
[BlackElo "2285"]
[PlyCount "96"]
[EventDate "2021.10.01"]
[EventType "swiss (rapid)"]
[EventRounds "9"]
[EventCountry "UKR"]
[SourceTitle "CBM 204 Extra"]
[Source "ChessBase"]
[SourceDate "2021.11.30"]
[SourceVersion "1"]
[SourceVersionDate "2021.11.30"]
[SourceQuality "1"]

1. e4 e6 2. d4 d5 3. e5 c5 4. dxc5 Nc6 5. Nf3 Bxc5 6. Bd3 f6 7. Bf4 g5 8. Bg3 f5 9. h4 g4 10. Nfd2 Bd4 11. Nc3 Bxe5 12. Bxe5 Nxe5 13. Qe2 Nxd3+ 14. Qxd3 Nf6 15. 0-0-0 0-0 16. f3 d4 17. Ne2 e5 18. f4 exf4 19. Nxf4 Qd6 20. Rhf1 Bd7 21. Nc4 Qc7 22. Qxd4 Rae8 23. Rfe1 Rxe1 24. Rxe1 Ne4 25. Nd5 Qg3 26. Qe3 Qxe3+ 27. Rxe3 Be6 28. Rd3 Kg7 29. b3 f4 30. Nd2 Nxd2 31. Kxd2 Rf5 32. c4 Bxd5 33. cxd5 Kf7 34. d6 Ke8 35. d7+ Kd8 36. Ke2 Rc5 37. Kd2 Rc7 38. Rd4 Rxd7 39. Kd3 Rxd4+ 40. Kxd4 Ke7 41. Ke4 f3 42. gxf3 g3 43. Ke3 Ke6 44. Ke2 Kf5 45. Kf1 Kf4 46. Kg2 h5 47. a3 a6 48. b4 b5 0-1

[Event "UKR-ch Rapid"]
[Site "Omelnyk"]
[Date "2021.10.01"]
[Round "5"]
[White "Marchenko, Artem"]
[Black "Galperin, Platon"]
[Result "0-1"]
[WhiteElo "2200"]
[BlackElo "2524"]
[PlyCount "60"]
[EventDate "2021.10.01"]
[EventType "swiss (rapid)"]
[EventRounds "9"]
[EventCountry "UKR"]
[SourceTitle "CBM 204 Extra"]
[Source "ChessBase"]
[SourceDate "2021.11.30"]
[SourceVersion "1"]
[SourceVersionDate "2021.11.30"]
[SourceQuality "1"]

1. d4 Nf6 2. Nf3 e6 3. g3 b5 4. Bg2 Bb7 5. 0-0 c5 6. c4 bxc4 7. Qa4 cxd4 8. Qxc4 d5 9. Qa4+ Qd7 10. Qxd7+ Nbxd7 11. Nxd4 Bc5 12. Nb3 Bb6 13. Nc3 Bc6 14. Be3 Bxe3 15. fxe3 Ke7 16. Na5 Rac8 17. Nxc6+ Rxc6 18. e4 dxe4 19. Nxe4 Rc2 20. Nxf6 gxf6 21. b4 Rxe2 22. a4 Rc8 23. Rf2 Rxf2 24. Kxf2 Rc2+ 25. Kg1 Rb2 26. b5 Nc5 27. Bc6 Rc2 28. a5 Nb3 29. Ra3 Nd4 30. Rd3 Nxc6 0-1

[Event "UKR-ch sf"]
[Site "Omelnyk"]
[Date "2021.09.30"]
[Round "9"]
[White "Marchenko, Artem"]
[Black "Berdnyk, Mariia"]
[Result "1-0"]
[WhiteElo "2226"]
[BlackElo "2308"]
[PlyCount "73"]
[EventDate "2021.09.22"]
[EventType "swiss"]
[EventRounds "9"]
[EventCountry "UKR"]
[SourceTitle "CBM 204 Extra"]
[Source "ChessBase"]
[SourceDate "2021.11.30"]
[SourceVersion "1"]
[SourceVersionDate "2021.11.30"]
[SourceQuality "1"]

1. d4 Nf6 2. Nf3 e6 3. g3 c5 4. Bg2 d5 5. 0-0 Nc6 6. c4 dxc4 7. dxc5 Qxd1 8. Rxd1 Bxc5 9. Nbd2 Nd5 10. Nxc4 b5 11. e4 Nf6 12. Nd6+ Ke7 13. e5 Ng4 14. Ne4 Bb6 15. h3 Ngxe5 16. Nxe5 Nxe5 17. Bf4 Nc4 18. b3 e5 19. Bc1 Bd4 20. bxc4 Bxa1 21. Ba3+ Ke6 22. Rd6+ Ke7 23. Rd1+ Ke6 24. Nc5+ Kf6 25. Bxa8 Bd4 26. cxb5 Bxh3 27. Bg2 Bg4 28. Rc1 h5 29. Nb3 Be2 30. Nxd4 exd4 31. Bb2 Rd8 32. Bf1 Bf3 33. Rc4 Ke5 34. Bg2 Bxg2 35. Kxg2 Ke4 36. a4 Kd3 37. Rb4 1-0

[Event "UKR-ch sf"]
[Site "Omelnyk"]
[Date "2018.10.31"]
[Round "6"]
[White "Grinev, Valeriy"]
[Black "Marchenko, Artem"]
[Result "1-0"]
[WhiteElo "2414"]
[BlackElo "2221"]
[PlyCount "93"]
[EventDate "2018.10.26"]
[EventType "swiss"]
[EventRounds "9"]
[EventCountry "UKR"]
[SourceTitle "CBM 187 Extra"]
[Source "ChessBase"]
[SourceDate "2018.11.04"]
[SourceVersion "1"]
[SourceVersionDate "2018.11.04"]
[SourceQuality "1"]

1. d4 Nf6 2. c4 Nc6 3. Nf3 e6 4. Nc3 Bb4 5. Qc2 d5 6. a3 Be7 7. Bf4 dxc4 8. e4 a6 9. Rd1 b5 10. d5 exd5 11. e5 Be6 12. exf6 Bxf6 13. Be2 0-0 14. 0-0 d4 15. Qe4 Qd7 16. Ne5 Bxe5 17. Bxe5 Bf5 18. Qf4 Nxe5 19. Qxe5 Rad8 20. Bf3 Bd3 21. Rxd3 cxd3 22. Ne4 Rfe8 23. Qf4 Re7 24. Nc5 Qd6 25. Qxd6 cxd6 26. Nxd3 Rc8 27. Nb4 d3 28. Nxd3 Rc2 29. Rd1 a5 30. Kf1 g6 31. g3 Kf8 32. h4 h5 33. Rc1 Rec7 34. Rxc2 Rxc2 35. Ke1 Ke7 36. Kd1 Rc4 37. Kd2 Ke6 38. Nf4+ Ke5 39. Be2 Rd4+ 40. Nd3+ Kd5 41. b3 Ke4 42. f3+ Kf5 43. Ke3 Rd5 44. f4 b4 45. a4 Ke6 46. Bf3 Rf5 47. g4 1-0

[Event "Dnipropetrovsk Region-ch"]
[Site "Dnipropetrovsk"]
[Date "2008.10.??"]
[Round "11"]
[White "Marchenko, Artem"]
[Black "Varitski, Igor"]
[Result "1/2-1/2"]
[WhiteElo "2181"]
[BlackElo "2332"]
[PlyCount "24"]
[EventDate "2008.10.??"]
[EventType "tourn"]
[EventRounds "11"]
[EventCountry "UKR"]
[SourceTitle "EXT 2010"]
[Source "ChessBase"]
[SourceDate "2010.11.25"]
[SourceVersion "1"]
[SourceVersionDate "2010.11.25"]
[SourceQuality "1"]

1. e4 c6 2. d4 d5 3. Nc3 dxe4 4. Nxe4 Bf5 5. Ng3 Bg6 6. h4 h6 7. h5 Bh7 8. Nf3 Nd7 9. Bd3 Bxd3 10. Qxd3 e6 11. Bd2 Qc7 12. 0-0-0 0-0-0 1/2-1/2

[Event "UKR-ch sf"]
[Site "Alushta"]
[Date "2008.05.16"]
[Round "6"]
[White "Marchenko, Artem"]
[Black "Goreskul, Alyona"]
[Result "1/2-1/2"]
[WhiteElo "2152"]
[BlackElo "2244"]
[PlyCount "94"]
[EventDate "2008.05.10"]
[EventType "swiss"]
[EventRounds "9"]
[EventCountry "UKR"]
[SourceTitle "CBM 124 Extra"]
[Source "ChessBase"]
[SourceDate "2008.07.03"]
[SourceVersion "1"]
[SourceVersionDate "2008.07.03"]
[SourceQuality "1"]

1. e4 c5 2. Nf3 g6 3. d4 Bg7 4. Nc3 cxd4 5. Nxd4 Nc6 6. Be3 Nf6 7. Bc4 0-0 8. Bb3 d6 9. f3 Bd7 10. Qd2 Na5 11. h4 h5 12. Bh6 Nxb3 13. axb3 Qb6 14. 0-0-0 Qc5 15. g4 Rac8 16. gxh5 Nxh5 17. Rhg1 Qxd4 18. Qxd4 Bxd4 19. Rxd4 Rfe8 20. Nd5 Be6 21. c3 Kh7 22. Bg5 f6 23. Be3 Bxd5 24. Rxd5 a6 25. Kc2 Rh8 26. b4 Kg7 27. Kb3 Kf7 28. b5 axb5 29. Ra1 Ng7 30. Bf2 Ne6 31. Rxb5 Rc7 32. Ra7 g5 33. hxg5 Nxg5 34. Rbxb7 Rxb7+ 35. Rxb7 Nxf3 36. Kc4 Ke6 37. b4 Rc8+ 38. Kd3 Ne5+ 39. Kc2 Nc4 40. b5 d5 41. exd5+ Kxd5 42. Rd7+ Ke6 43. Ra7 Kd5 44. Rxe7 Na3+ 45. Kd3 Nxb5 46. c4+ Rxc4 47. Rd7+ Kc6 1/2-1/2

[Event "Dnipropetrovsk Region-ch"]
[Site "Dnipropetrovsk"]
[Date "2007.10.??"]
[Round "6"]
[White "Marchenko, Artem"]
[Black "Bendersky, Valery G"]
[Result "0-1"]
[WhiteElo "2152"]
[BlackElo "2223"]
[PlyCount "98"]
[EventDate "2007.10.??"]
[EventType "tourn"]
[EventRounds "13"]
[EventCountry "UKR"]
[SourceTitle "EXT 2009"]
[Source "ChessBase"]
[SourceDate "2008.11.26"]
[SourceVersion "1"]
[SourceVersionDate "2008.11.26"]
[SourceQuality "1"]

1. e4 e6 2. d4 d5 3. Nc3 Bb4 4. a3 Bxc3+ 5. bxc3 dxe4 6. Qg4 Nf6 7. Qxg7 Rg8 8. Qh6 Rg6 9. Qe3 Nc6 10. Bb2 Ne7 11. 0-0-0 Qd6 12. f3 Ned5 13. Qe1 Nb6 14. fxe4 Qf4+ 15. Kb1 Qxe4 16. Nf3 Bd7 17. Ne5 Rg7 18. Qf2 Qf5 19. Qxf5 exf5 20. Nxd7 Kxd7 21. Bd3 Ne4 22. Rhf1 Nd5 23. Bxe4 fxe4 24. Rde1 Re8 25. g3 b5 26. a4 a6 27. axb5 axb5 28. Ka2 Nb6 29. Rf4 Nc4 30. Rfxe4 Ra8+ 31. Kb3 Nd2+ 32. Kb4 Nxe4 33. Rxe4 c6 34. Bc1 Ra4+ 35. Kb3 f6 36. Rf4 Ke6 37. Re4+ Kf7 38. Ba3 Rg5 39. Re7+ Kg6 40. Re6 Rc4 41. Bc5 Rf5 42. Re8 Rf3 43. Bb4 Rxd4 44. Rg8+ Kf7 45. Rf8+ Kg7 46. Rc8 Rc4 47. Rc7+ Kg6 48. Rb7 Rf2 49. h4 h5 0-1

[Event "Dnipropetrovsk Region-ch"]
[Site "Dnipropetrovsk"]
[Date "2007.10.??"]
[Round "3"]
[White "Tsirulnik, Mark"]
[Black "Marchenko, Artem"]
[Result "1/2-1/2"]
[WhiteElo "2122"]
[BlackElo "2152"]
[PlyCount "116"]
[EventDate "2007.10.??"]
[EventType "tourn"]
[EventRounds "13"]
[EventCountry "UKR"]
[SourceTitle "EXT 2009"]
[Source "ChessBase"]
[SourceDate "2008.11.26"]
[SourceVersion "1"]
[SourceVersionDate "2008.11.26"]
[SourceQuality "1"]

1. e4 c5 2. Nf3 d6 3. d4 cxd4 4. Nxd4 Nf6 5. Nc3 g6 6. f3 Bg7 7. Be3 0-0 8. Bc4 Nc6 9. Qd2 Bd7 10. 0-0-0 Rc8 11. Bb3 Ne5 12. Bg5 b5 13. Ncxb5 Nc4 14. Qe2 Bxb5 15. Nxb5 Nxb2 16. Rd2 Qa5 17. e5 dxe5 18. Kxb2 e4 19. Kb1 a6 20. Bxf6 Bxf6 21. Nd4 Qc3 22. Rhd1 e5 23. Ne6 fxe6 24. fxe4 Rc6 25. Rd3 Qb4 26. Rf3 a5 27. Rdf1 Bg7 28. Rxf8+ Bxf8 29. Qf3 Qe7 30. Qf6 Rb6 31. Qxe7 Bxe7 32. a4 Rd6 33. Rf2 Kg7 34. Kb2 h5 35. c3 g5 36. Kc2 g4 37. Bc4 Bg5 38. Bd3 Be3 39. Rf1 Bf4 40. h3 Rb6 41. Be2 Rd6 42. Bd3 Rb6 43. Rd1 Kf6 44. hxg4 hxg4 45. Rh1 Kg7 46. Rh4 g3 47. Rh1 Be3 48. Rd1 Kf6 49. Be2 Rc6 50. Rd3 Bf2 51. Rf3+ Ke7 52. Bb5 Rd6 53. Bd3 Rd8 54. Be2 Rh8 55. Rd3 Rh1 56. Kb3 Re1 57. Bf3 Re3 58. Rxe3 Bxe3 1/2-1/2

[Event "UKR-ch U20 qual"]
[Site "Lvov"]
[Date "2005.12.17"]
[Round "7"]
[White "Yarmysty, Mikhail"]
[Black "Marchenko, Artem"]
[Result "1-0"]
[WhiteElo "2347"]
[BlackElo "2163"]
[PlyCount "57"]
[EventDate "2005.12.11"]
[EventType "swiss"]
[EventRounds "9"]
[EventCountry "UKR"]
[SourceTitle "EXT 2007"]
[Source "ChessBase"]
[SourceDate "2006.11.23"]
[SourceVersion "1"]
[SourceVersionDate "2006.11.23"]
[SourceQuality "1"]

1. e4 c5 2. Nf3 d6 3. d4 cxd4 4. Nxd4 Nf6 5. Nc3 g6 6. g3 Bg7 7. Bg2 0-0 8. 0-0 a6 9. Nde2 Nc6 10. a4 Bd7 11. h3 Rc8 12. Nf4 Ne5 13. Nfd5 Nc4 14. Ra2 Re8 15. Nxf6+ Bxf6 16. Nd5 Bg7 17. b3 Nb6 18. Ne3 Be6 19. a5 Nd7 20. Re1 Nf6 21. Nd5 Bxd5 22. exd5 Rc5 23. Bd2 Qd7 24. c4 h5 25. Be3 Rcc8 26. Qd3 Kh7 27. Bb6 Ng8 28. Kh2 Nh6 29. Rae2 1-0

[Event "UKR-ch U18 sf"]
[Site "Dnipropetrovsk"]
[Date "2005.12.??"]
[Round "6"]
[White "Filonenko, Kyryl"]
[Black "Marchenko, Artem"]
[Result "1/2-1/2"]
[WhiteElo "2244"]
[BlackElo "2163"]
[PlyCount "88"]
[EventDate "2005.12.??"]
[EventType "swiss"]
[EventRounds "9"]
[EventCountry "UKR"]
[SourceTitle "CBM 109 Extra"]
[Source "ChessBase"]
[SourceDate "2006.01.03"]
[SourceVersion "2"]
[SourceVersionDate "2006.01.03"]
[SourceQuality "1"]

1. d4 Nf6 2. Nf3 e6 3. Bg5 d5 4. c4 c5 5. cxd5 exd5 6. Nc3 Be6 7. g3 Nc6 8. Bg2 Be7 9. 0-0 c4 10. Rc1 0-0 11. b3 Ba3 12. Rc2 cxb3 13. axb3 h6 14. Bc1 Bb4 15. Bb2 Rc8 16. Na4 Bf5 17. Rc1 b6 18. Ne5 Qd6 19. f3 Bh7 20. Bh3 Rc7 21. e3 Na5 22. Rf2 Re8 23. Re2 Ree7 24. Bg2 Rxc1 25. Bxc1 Rc7 26. Bb2 Ba3 27. Bc3 Bb4 28. Bxb4 Qxb4 29. Rb2 Bf5 30. Bf1 b5 31. Nc5 Qc3 32. Ncd3 Ne8 33. b4 Nc4 34. Rb3 Nxe3 35. Rxc3 Nxd1 36. Rxc7 Nxc7 37. Nc5 Ne3 38. Nc6 Kf8 39. Nxa7 Nc2 40. Nc6 Ke8 41. Kf2 Bd7 42. Bd3 Bxc6 43. Bxc2 Ke7 44. Ke3 Ne6 1/2-1/2